Estudios cervantinos /

Guardado en:
Bibliografiske detaljer
Hovedforfatter: Icaza, Francisco A. de (autor)
Andre forfattere: Henestrosa, Andrés (selección y prólogo) (selección y prólogo)
Format: Bog
Sprog:spansk
Serier:(Biblioteca Enciclopédica Popular. Segunda Epoca ; 153)
Fag:
Tags: Tilføj Tag
Ingen Tags, Vær først til at tagge denne postø!

MARC

LEADER 00000nam^a2200000^a^4500
001 000138483
005 20250521000000.0
009 20260310095429.155
037 |a Acervo ITESO - Biblioteca 
041 |a ESP 
082 |a 860. 94604  |b ICA 
100 |a Icaza, Francisco A. de  |e (autor) 
245 1 0 |a Estudios cervantinos /  |c F.A. de Icaza ; selec. y pról. de A. Henestrosa. 
264 |a México :  |b Secretaría de Educación Pública,  |c 1947 
300 |a XIV, 95 p. 
336 |a texto  |b txt  |2 rdacontenido 
337 |a sin mediación  |b n  |2 rdamedio 
338 |a volumen  |b nc  |2 rdasoporte 
440 1 |a (Biblioteca Enciclopédica Popular.  |p Segunda Epoca ;  |v 153) 
649 |a XX 
650 |a Escritores Españoles 
650 |a Literatura Española -  |x Historia y Crítica 
650 |a Literatura Española -  |y Epoca Clásica, 1500-1700 
650 |a Ensayos Españoles 
650 |a Literatura Española -  |y Siglo XX 
650 |a Cervantes Saavedra, Miguel de 
650 |a Ensayos Mexicanos 
650 |a Literatura Mexicana -  |y Siglo XX 
700 |a Henestrosa, Andrés  |e (selección y prólogo) 
910 |a Fondo Salvador Reynoso Reynoso 
920 |a Impresos - Libros 
930 |a Fondos Especiales 
940 |a Literatura 
905 |a 112 
901 |a 0800014584  |b IT2  |c ESP  |u 20250521 
902 |a https://opac.biblio.iteso.mx/vufind/Record/000138483